分野別上位5か国 #3 - Statistics

General Stats
  • This quiz has been taken 41 times
  • The average score is 44 of 65
Answer Stats
Country % Correct
中華人民共和国
100%
イタリア
100%
ロシア
100%
イギリス
100%
ブラジル
97%
カナダ
97%
チリ
97%
フランス
97%
モンゴル
97%
ニュージーランド
97%
ノルウェー
97%
アメリカ合衆国
97%
アルゼンチン
94%
オーストラリア
94%
デンマーク
94%
スペイン
94%
アラブ首長国連邦
94%
フィンランド
92%
インドネシア
92%
南アフリカ
92%
カザフスタン
89%
メキシコ
89%
ベトナム
89%
トルコ
86%
アルジェリア
83%
大韓民国
83%
コンゴ民主共和国
81%
オランダ
81%
コロンビア
78%
ギリシャ
78%
ケニア
78%
ニジェール
78%
ポーランド
78%
ベネズエラ
75%
サウジアラビア
72%
マリ
69%
チャド
67%
エジプト
67%
モロッコ
67%
ポルトガル
67%
マレーシア
64%
ウクライナ
61%
タンザニア
56%
イラン
53%
シリア
53%
中央アフリカ
50%
イラク
50%
ブルキナファソ
47%
エストニア
44%
ホンジュラス
42%
ラオス
42%
ニカラグア
42%
フィリピン
42%
ラトビア
39%
ソマリア
39%
チェコ
36%
アルバニア
33%
アンゴラ
33%
グアテマラ
31%
リトアニア
31%
東ティモール
19%
マダガスカル
19%
モルドバ
19%
ボスニア・ヘルツェゴビナ
6%
キルギスタン
0%
No matching quizzes found
Score Distribution
Percent of People with Each Score
Percentile by Number Answered
Your Score History
You have not taken this quiz